Звичайний вигляд
Перегляд у МАРК
Входження „Personal Name“
Кількість записів, які використовуються: 3
001 - CONTROL NUMBER
- control field: 2068
003 - CONTROL NUMBER IDENTIFIER
- control field: UA-OsUOA
005 - DATE AND TIME OF LATEST TRANSACTION
- control field: 20240311114131.0
008 - FIXED-LENGTH DATA ELEMENTS
- fixed length control field: 240311|| aca||aabn | a|a d
040 ## - CATALOGING SOURCE
- Original cataloging agency: UA-OsUOA
- Transcribing agency: UA-OsUOA
100 ## - HEADING--PERSONAL NAME
- Personal name: Cowie A. P
670 ## - SOURCE DATA FOUND
- Source citation: Work cat.: (UA-OsUOA)575934: Hornby A. S. 1831, Oxford Advanced Learner's Dictionary of Current English. Volum I. A-L. Толковый словарь современного английского языка для продвинотого этапа., 1982